| 000 | 00592nam a2200193Ia 4500 | ||
|---|---|---|---|
| 999 |
_c21558 _d21558 |
||
| 003 | OSt | ||
| 005 | 20200708132318.0 | ||
| 008 | 190216s9999||||xx |||||||||||||| ||und|| | ||
| 020 | _a9780195697049 | ||
| 040 | _coclc | ||
| 082 |
_a954.3 _bSUN/S |
||
| 100 |
_aSundar, Nandini _93671 |
||
| 245 | 0 |
_aSubalterns And Sovereigns: _bAn Anthropological History Of Bastar (1854 - 2006) / _cNandini Sundar |
|
| 250 | _a2nd Ed. | ||
| 260 |
_bOxford India Paperback, _c2011. _aNew Delhi: |
||
| 300 | _a326p | ||
| 650 | _aHistory | ||
| 942 |
_cBK _2ddc _h954.3 _iSUN/S _k954.3 _mSUN/S |
||